Family medical care (Record no. 8374)

MARC details
000 -LEADER
fixed length control field 00824nam a2200253Ia 4500
003 - CONTROL NUMBER IDENTIFIER
control field IN-BaIIA
005 - DATE AND TIME OF LATEST TRANSACTION
control field 20230703113130.0
008 - FIXED-LENGTH DATA ELEMENTS--GENERAL INFORMATION
fixed length control field 211028s9999 xx 000 0 eng d
020 ## - INTERNATIONAL STANDARD BOOK NUMBER
International Standard Book Number 3-540-15562-7
040 ## - CATALOGING SOURCE
Transcribing agency IIA Library
080 ## - UNIVERSAL DECIMAL CLASSIFICATION NUMBER
Universal Decimal Classification number 048:1:52/84-38
Item number BOH
100 ## - MAIN ENTRY--PERSONAL NAME
Personal name Bohme, S
9 (RLIN) 9376
245 #0 - TITLE STATEMENT
Title Family medical care
Remainder of title vol. 38, Literature 1984, pt. 2
Statement of responsibility, etc. S. Bohme...[et.al]
260 ## - PUBLICATION, DISTRIBUTION, ETC.
Place of publication, distribution, etc. Berlin
Name of publisher, distributor, etc. Springer-Verlag
Date of publication, distribution, etc. 1985
300 ## - PHYSICAL DESCRIPTION
Extent x, 919p.
650 ## - SUBJECT ADDED ENTRY--TOPICAL TERM
Topical term or geographic name entry element Abstracts-Astronomy and Astrophysics
9 (RLIN) 6051
650 ## - SUBJECT ADDED ENTRY--TOPICAL TERM
Topical term or geographic name entry element Astronomy and Astrophysics Abstracts
9 (RLIN) 6052
650 ## - SUBJECT ADDED ENTRY--TOPICAL TERM
Topical term or geographic name entry element Astronomy and Astrophysics Thesaurus
700 ## - ADDED ENTRY--PERSONAL NAME
Personal name Fricke, W.
9 (RLIN) 9456
700 ## - ADDED ENTRY--PERSONAL NAME
Personal name Hefele, H.
9 (RLIN) 9915
700 ## - ADDED ENTRY--PERSONAL NAME
Personal name Heinrich, I.
9 (RLIN) 9916
700 ## - ADDED ENTRY--PERSONAL NAME
Personal name Hofmann, W.
9 (RLIN) 13111
942 ## - ADDED ENTRY ELEMENTS (KOHA)
Koha item type Books
Source of classification or shelving scheme Dewey Decimal Classification
Holdings
Withdrawn status Lost status Source of classification or shelving scheme Damaged status Not for loan Home library Current library Shelving location Date acquired Total Checkouts Full call number Barcode Date last seen Price effective from Koha item type Purchase Price
    Dewey Decimal Classification     IIA Library-Bangalore IIA Library-Bangalore General Stacks 23/07/1985   048.1:52/ AAA-38 9223 05/11/2021 23/07/1985 Books  

Powered by Koha